|
|
|
|
| LEADER |
00000nam a2200000 i 4500 |
| 001 |
DIGUAZUAY0284 |
| 003 |
NyNyDIG |
| 007 |
cr ||||||||||| |
| 008 |
251202s2024 ec a o 000 0 spa d |
| 006 |
m o d |
| 035 |
|
|
|a (OCoLC)1564457160
|
| 040 |
|
|
|a DGITA
|b eng
|e rda
|e pn
|c DGITA
|
| 020 |
|
|
|a 9789942670557
|q eBook
|
| 020 |
|
|
|z 9789942670540
|
| 043 |
|
|
|a s-ec---
|
| 050 |
1 |
4 |
|a N6687.C84 ebook
|
| 100 |
1 |
|
|a Pilco Luzuriaga, James,
|d 1965-
|e author.
|
| 245 |
1 |
0 |
|a Memoria del cuerpo :
|b (momentos de la medicina local y mundial) /
|c de la obra, James Pilco Luzuriaga ; del texto, Cristóbal Zapata.
|
| 264 |
|
1 |
|a Cuenca, Ecuador :
|b Universidad del Azuay, Casa Editora,
|c [2024]
|
| 300 |
|
|
|a 1 online resource :
|b color illustrations.
|
| 336 |
|
|
|a text
|b txt
|2 rdacontent
|
| 337 |
|
|
|a computer
|b c
|2 rdamedia
|
| 338 |
|
|
|a online resource
|b cr
|2 rdacarrier
|
| 347 |
|
|
|a text file
|2 rdaft
|
| 347 |
|
|
|b PDF
|
| 588 |
0 |
|
|a Online resource; title from PDF title page (Digitalia, viewed December 2, 2025)
|
| 650 |
|
0 |
|a Art, Ecuadorian
|y 21st century.
|
| 650 |
|
0 |
|a Artists
|z Ecuador
|z Cuenca.
|
| 650 |
|
0 |
|a Medicine in art.
|
| 700 |
1 |
|
|a Zapata, Cristóbal,
|e contributor agent of text.
|
| 791 |
2 |
|
|a Digitalia (Firm),
|e distributor.
|
| 793 |
0 |
|
|g Digitalia eBook Collection:
|a Universidad del Azuay
|
| 776 |
0 |
8 |
|i Print version:
|a Pilco Luzuriaga, James, 1965-
|t Memoria del cuerpo.
|d Cuenca, Ecuador : Universidad del Azuay, Casa Editora, [2024]
|z 9789942670540
|
| 856 |
4 |
0 |
|3 Digitalia Hispánica
|u https://www.digitaliapublishing.com/a/170514/
|
| 910 |
|
|
|a Premium collection: 2025
|